000
00176nam a22000977a 4500
040
_c
SY
082
_a
634p.
100
_a
VON MONIN
245
_a
Forest management
942
_c
AEDBB
999
_c
8900
_d
8900